100 Most Influential Rulers of all Times in my Opinion - Statistics

General Stats
  • This quiz has been taken 646 times
    635 since last reset
  • The average score is 51 of 100
Answer Stats
# Ruled Answer % Correct
13 Germany (1933 - 1945) Adolf Hitler
96%
3 Macedonia (336–323 BC) Alexander the Great
95%
1 France (1799 - 1815) Napoleon Bonaparte
95%
10 USA (1789 - 1797) George Washington
93%
2 Mongols (1206 - 1227) Genghis Khan
92%
14 Soviet Union (1917 – 1924) Vladimir Lenin
92%
39 Soviet Union (1924 – 1953) Joseph Stalin
91%
12 France (1643 – 1715) Louis XIV
91%
92 France (1774 – 1792) Louis XVI
89%
28 USA (1861 – 1865) Abraham Lincoln
85%
9 Franks (768 – 814) Charlemagne
85%
5 Roman Republic (49 - 44 BC) Gaius Julius Caesar
85%
23 China (1949 - 1976) Mao Zedong
84%
16 Roman Empire (27 BC – 14 AD) Augustus
82%
59 USA (1933 – 1945) Franklin D Roosevelt
82%
38 United Kingdom (1940 – 1955) Winston Churchill
81%
37 England (1558 – 1603) Elizabeth I
79%
15 Russia (1682 – 1725) Peter the Great
78%
50 British Empire (1837 – 1901) Victoria
78%
68 Italy (1922 – 1945) Benito Mussolini
77%
21 Huns (434–453) Attila
76%
24 Russia (1762 – 1796) Catherine the Great
76%
26 Netherlands (1559–1584) William of Orange
76%
29 Normandy, England (1035 – 1087) William the Conqueror
76%
97 USA (1901 – 1909) Theodore Roosevelt
74%
27 Prussia, Germany (1862 - 1890) (as Chancellor) Otto von Bismarck
72%
17 Venezuela, Gran Colombia, Peru, Bolivia (1813 - 1830) Simon Bolivar
71%
80 Holy Roman Empire (1053 - 1105) Henry IV
70%
86 England (1509 -1547) Henry VIII
70%
40 France (1959 – 1969) Charles de Gaulle
67%
78 South Africa (1994 - 1999) Nelson Mandela
67%
7 Roman Empire (306 - 324) Constantine the Great
66%
20 Castile, Aragon (1475 - 1516) Ferdinand of Aragon
66%
19 Castile and Leon (1474 – 1504) Isabella of Castile
66%
25 Spain, Burgundy, Holy Roman Empire (1506 – 1556) Charles V
65%
57 Sweden (1697 – 1718) Charles XII
65%
52 Turkey (1923 – 1938) Kemal Atatürk
64%
94 Soviet Union (1985 - 1991) Mikhail Gorbachev
64%
70 Roman Empire (54 - 68) Nero
64%
72 USA (1913 - 1921) Woodrow Wilson
63%
96 Moscow, Russia (1533 – 1584) Ivan the Terrible
62%
84 USA (1797 - 1801) Thomas Jefferson
62%
73 Germany (1888 - 1918) Wilhelm II
62%
98 North Vietnam (1945 – 1969) Ho Chi Minh
61%
22 Mongols, China (1260 - 1294) Kublai Khan
59%
79 Spain, Portugal (1556 – 1598) Philip II
59%
55 Israel (1010-970 BCE) David
57%
99 Iraq (1979 - 2003) Saddam Hussein
57%
4 Persia (559–530 BC) Cyrus the Great
56%
66 Holy Roman Empire (1155 – 1190) Frederick Barbarossa
54%
83 Belgium, Congo Free State (1865 - 1909) Leopold II
54%
54 Israel (970–931 BCE) Solomon
52%
67 Prussia (1740 – 1786) Frederick II
51%
18 France (1794) Maximilien Robespierre
51%
32 Ottoman Empire (1520 – 1566) Suleiman the Magnificent
49%
33 Byzantium (527 – 565) Justinian the Great
48%
35 Germany (936 – 973) Otto I
48%
74 Austria-Hungary (1848 - 1916) Franz Joseph
47%
76 Persian Empire (521 - 478 BC) Darius I
45%
6 China (247 – 221 BC) Qin Shi Huang
42%
64 Timurid Empire (1370 – 1405) Timur the Lame
42%
36 Sweden (1611 – 1632) Gustavus Adolphus
41%
56 Egypt, Syria (1174 – 1193) Saladin
39%
60 Mali (1312–1337 ) Mansa Musa
37%
95 Wessex (871 - 899) Alfred the Great
36%
69 Ottoman Empire (1444 - 1481) Mehmed II
35%
8 Maurya Empire (247 – 221 BC) Ashoka Maurya
34%
30 Japan (1867 – 1912) Emperor Meiji
34%
100 Papal States (1088 - 1099) Urban II
34%
43 Rashidun Caliphat (656–661) Ali
32%
31 Franks (481 – 511) Clovis I
32%
82 Germany (1949 - 1963) Konrad Adenauer
31%
48 Brazil (1822 – 1831) Pedro I
30%
58 England, Denmark, Norway (1016–1035) Cnut the Great
29%
87 India (1947 – 1964) Jawaharlal Nehru
29%
47 Egypt (1279–1213 BC ) Ramesses II
29%
41 Hungary (987 - 1038) Stephen I
28%
44 Ottoman Empire ( 1299 ‒ 1323) Osman I
27%
93 Austria (1740 - 1780) Maria Theresa
26%
49 Denmark, Norway (958 – 986) Harald Bluetooth
25%
81 Papacy (590 - 604) Gregor the Great
24%
46 Akkad (2334–2284 BC ) Sargon of Akkad
23%
42 Kievan Rus (980 – 1015) Vladimir the Great
23%
62 Babylon (605 – 562 BC) Nebuchadnezzar II
22%
85 United Kingdom (1721 - 1742) (as Prime Minister) Robert Walpole
22%
53 Sardinia, Italy (1849 - 1878) Victor Emmanuel
20%
11 Rashidun Caliphat (632 – 634) Abu Bakr
18%
63 Mauryan Empire ( 321 – 297 BCE) Chandragupta Maurya
17%
65 Japan (1603–1605) Tokugawa Ieyasu
17%
34 Mughal Empire (1556 – 1605) Akbar
16%
61 Pontus (120–63 BC) Mithridates VI
12%
91 Bulgaria (852–889) Boris
10%
77 Macedonia (359 - 336 BC) Philipp II
10%
89 Italy (476–493) Odoacer
9%
51 Rashidun Caliphat (644 – 656) Uthman
8%
45 Seljuk Empire (1063 – 1072) Alp Arslan
5%
71 China (1661 - 1722) Kangxi
4%
75 Persian Empire (531 -579) Khosrow I
2%
90 Goths (475 – 526) Theoderich
2%
88 Parthia (247 – 217 BC) Arsakes I
1%
No matching quizzes found
Score Distribution
Percent of People with Each Score
Percentile by Number Answered
Your Score History
You have not taken this quiz since the last reset